Recherche en matiere d'économie des transports bulletin annuel d'information

Na minha lista:
Detalhes bibliográficos
Autor Corporativo: OECD. European Conference of Ministers of Transport
Formato: Livro
Idioma:francês
inglês
Publicado em: Paris OECD 1998
Assuntos:
Tags: Adicionar Tag
Sem tags, seja o primeiro a adicionar uma tag!

MARC

LEADER 00000nam a2200000 4500
001 c122637
005 20240104114915.1
020 |a 92-821-0236-X 
041 0 |a fre 
041 0 |a eng 
044 |a FR 
245 1 0 |a Recherche en matiere d'économie des transports  |b bulletin annuel d'information 
264 1 |a Paris  |b OECD  |c 1998 
300 |a 473 s. 
610 2 0 |a doprava 
610 2 0 |a výskum 
610 2 0 |a politika dopravná 
610 2 0 |a informácie 
610 2 0 |a porovnanie medzinárodné 
610 2 0 |a hospodárstvo dopravné 
710 2 |a OECD. European Conference of Ministers of Transport